Purple root disease and its control in rubber plantations (Record no. 52475)

MARC details
000 -LEADER
fixed length control field 00599nam a2200169Ia 4500
100 ## - MAIN ENTRY--AUTHOR NAME
Personal name Idicula S.P.
245 #0 - TITLE STATEMENT
Title Purple root disease and its control in rubber plantations
260 ## - PUBLICATION, DISTRIBUTION, ETC. (IMPRINT)
Name of publisher Placrosym XV, 2002, Mysore, India. (Eds. K.Sreedharan, P.K. Vinod Kumar, Jayarama and Basavaraja M. Chaluki). Central Coffee Research Institute, Karnataka, India, pp. 609-612.
Year of publication 2002
650 ## - SUBJECT ADDED ENTRY--TOPICAL TERM
Topical Term Purple root
650 ## - SUBJECT ADDED ENTRY--TOPICAL TERM
Topical Term Rubber plantation
700 ## - ADDED ENTRY--PERSONAL NAME
Personal name Jacob C.K.
700 ## - ADDED ENTRY--PERSONAL NAME
Personal name Manju M.J.
700 ## - ADDED ENTRY--PERSONAL NAME
Personal name Mushrif S.K.
700 ## - ADDED ENTRY--PERSONAL NAME
Personal name Prem E.E.
942 ## - ADDED ENTRY ELEMENTS (KOHA)
Koha item type Bibliography STAF
Holdings
Withdrawn status Lost status Damaged status Not for loan Home library Current library Date acquired Koha item type
      Bibliography RRII Library RRII Library 09/04/2014 Bibliography STAF